[Event "Srem-ch LKS Piast"]
[Site "Srem"]
[Date "2014.02.??"]
[Round "7.2"]
[White "Hoffmann, Piotr"]
[Black "Simon, Marek"]
[Result "0-1"]
[WhiteElo "1729"]
[BlackElo "1805"]
[PlyCount "64"]
[EventDate "2014.02.22"]
[EventType "tourn"]
[EventRounds "9"]
[EventCountry "POL"]
[SourceTitle "EXT 2023"]
[Source "ChessBase"]
[SourceDate "2022.10.05"]
[SourceVersion "1"]
[SourceVersionDate "2022.10.05"]
[SourceQuality "1"]

1. c4 c6 2. e4 d5 3. exd5 cxd5 4. d4 Nf6 5. Nc3 Nc6 6. Nf3 Bg4 7. Be2 e6 8. 0-0 dxc4 9. Qa4 Be7 10. Ne5 Bxe2 11. Nxc6 Qd7 12. Nxe2 Rc8 13. Qxc4 Rxc6 14. Qb3 0-0 15. Qd1 Nd5 16. Bd2 Rfc8 17. Rc1 Rxc1 18. Nxc1 Bf6 19. Nb3 Qa4 20. Qb1 Bxd4 21. Nxd4 Qxd4 22. Bc3 Nxc3 23. bxc3 Qd5 24. Rd1 Qc6 25. Qb4 h6 26. Rd3 b6 27. Qe7 Rc7 28. Qd8+ Kh7 29. Qd4 Qc5 30. Qe3 a5 31. h4 a4 32. h5 a3 0-1